Loading...
| Literature - British | 0 | 8 | 0 | 0 | 80 | 8 | 51.00 | 3 | 5 | 0.00 | 0.00 |
| Literature - World | 0 | 7 | 0 | 0 | 70 | 38 | 59.43 | 4 | 5 | 0.00 | 0.00 |
| History - Other | 0 | 7 | 0 | 1 | 70 | 53 | 82.71 | 0 | 3 | 0.00 | 0.00 |
| Literature - American | 0 | 7 | 1 | 0 | 65 | 20 | 43.00 | 4 | 7 | 0.00 | 0.00 |
| Fine Arts - Other | 0 | 6 | 0 | 0 | 60 | 31 | 69.50 | 2 | 5 | 0.00 | 0.00 |
| Literature - European | 0 | 6 | 2 | 0 | 50 | 42 | 54.67 | 1 | 5 | 0.00 | 0.00 |
| History - World | 0 | 4 | 0 | 1 | 40 | 68 | 92.50 | 0 | 0 | 0.00 | 0.00 |
| Social Science | 0 | 2 | 0 | 1 | 20 | 81 | 92.50 | 0 | 0 | 0.00 | 0.00 |
| Fine Arts - Classical Music | 0 | 2 | 0 | 1 | 20 | 69 | 94.00 | 0 | 1 | 0.00 | 0.00 |
| Fine Arts - Painting and Sculpture | 0 | 2 | 0 | 1 | 20 | 98 | 106.00 | 0 | 1 | 0.00 | 0.00 |
| Science - Biology | 0 | 2 | 0 | 1 | 20 | 30 | 70.00 | 1 | 1 | 0.00 | 0.00 |
| Current Events | 0 | 2 | 0 | 0 | 20 | 78 | 85.00 | 0 | 1 | 0.00 | 0.00 |
| Geography | 0 | 1 | 0 | 0 | 10 | 94 | 94.00 | 0 | 0 | 0.00 | 0.00 |
| Religion | 0 | 1 | 0 | 0 | 10 | 115 | 115.00 | 0 | 0 | 0.00 | 0.00 |
| History - European | 0 | 1 | 0 | 0 | 10 | 48 | 48.00 | 0 | 0 | 0.00 | 0.00 |
| History - American | 0 | 1 | 0 | 0 | 10 | 78 | 78.00 | 0 | 1 | 0.00 | 0.00 |
| Popular Culture | 0 | 1 | 1 | 1 | 5 | 99 | 99.00 | 0 | 1 | 0.00 | 0.00 |
| Mythology | 0 | 0 | 0 | 0 | 0 | 0.00 | 0 | 0 | 0.00 | 0.00 |